<?xml version="1.0" encoding="UTF-8"?>
<marc:record xmlns:marc="http://www.loc.gov/MARC21/slim">
   <marc:leader>00000nam a2200000 a 4500</marc:leader>
   <marc:datafield ind1="1" ind2=" " tag="100">
      <marc:subfield code="a">Haider, Willi</marc:subfield>
      <marc:subfield code="4">ctb</marc:subfield>
      <marc:subfield code="e">Mitwirkende/-r</marc:subfield>
   </marc:datafield>
   <marc:datafield ind1="1" ind2=" " tag="100">
      <marc:subfield code="a">Westermann, Kurt-Michael</marc:subfield>
      <marc:subfield code="4">ctb</marc:subfield>
      <marc:subfield code="e">Mitwirkende/-r</marc:subfield>
   </marc:datafield>
   <marc:datafield ind1=" " ind2=" " tag="653">
      <marc:subfield code="a">Kochbuch</marc:subfield>
   </marc:datafield>
   <marc:datafield ind1="0" ind2="0" tag="245">
      <marc:subfield code="a">Die steirische Küche</marc:subfield>
   </marc:datafield>
   <marc:datafield ind1="0" ind2="0" tag="245">
      <marc:subfield code="b">270 traditionsreiche und zeitgemäße Rezepte</marc:subfield>
   </marc:datafield>
   <marc:datafield ind1="0" ind2="0" tag="245">
      <marc:subfield code="c">Willi Haider ; Christoph Wagner.  Fotogr. von Kurt-Michael Westermann</marc:subfield>
   </marc:datafield>
   <marc:datafield ind1=" " ind2="1" tag="264">
      <marc:subfield code="a">Wien</marc:subfield>
      <marc:subfield code="b">Pichler</marc:subfield>
      <marc:subfield code="c">2011</marc:subfield>
   </marc:datafield>
   <marc:datafield ind1="1" ind2=" " tag="520">
      <marc:subfield code="a">Angaben aus der Verlagsmeldung

Steirische Küche : 200 traditionsreiche und zeitgemäße Rezepte Fotografiert von Kurt-Michael Westermann / von Willi Haider, Christoph Wagner

Das praktische steirische Grundkochbuch für den Haushalt von heute: Es verbindet die schlichte Bauernküche von anno dazumal mit leichten Küchenkreationen von heute und stellt so ein Handbuch steirischen Essvergnügens dar, das es in sich hat: die 200 besten und wichtigsten Rezepte, von der Klachlsupp’n bis zum Grammelkraut, vom Steirerkas bis zum Lammhaxel, vom Prügelkrapfen bis zum Kürbiskernparfait, dazu alles Wissenswerte über steirische Grundprodukte und Grundrezepte – ein Standardwerk, das mit viel Liebe alte, fast vergessene Kochtraditionen le­bendig macht und dazu beiträgt, dass man auch im 21. Jahrhundert, aller schnelllebigen Globalisierung und Crossover-Küche zum Trotz, noch typisch steirisch kochen und gemeinsam genießen kann.
</marc:subfield>
   </marc:datafield>
   <marc:datafield ind1=" " ind2=" " tag="020">
      <marc:subfield code="a">9783854315735</marc:subfield>
      <marc:subfield code="9">9783854315735</marc:subfield>
   </marc:datafield>
   <marc:datafield ind1=" " ind2=" " tag="020">
      <marc:subfield code="a">3854315732</marc:subfield>
      <marc:subfield code="9">3854315732</marc:subfield>
   </marc:datafield>
   <marc:datafield ind1=" " ind2=" " tag="300">
      <marc:subfield code="a">223 S.</marc:subfield>
   </marc:datafield>
</marc:record>
